000 00218 a2200097 4500
001 2043
100 _aAndreson, N H
245 _aAircraft layout and detail design.
260 _a
_bMc Graw Hill
_c
090 _c1510
_d1510
942 _aNUST-CAE
_cM
_c5670
999 _c237116
_d237116